Japanese legislation in the meiji era

Сохранить в:
Библиографические подробности
Главный автор: Ryosuke, Ishi
Формат:
Язык:Undetermined
Опубликовано: Japan 1958
Предметы:
Law
Метки: Добавить метку
Нет меток, Требуется 1-ая метка записи!
Thư viện lưu trữ: Trung tâm Học liệu Trường Đại học Cần Thơ
LEADER 00481nam a2200181Ia 4500
001 CTU_113528
008 210402s9999 xx 000 0 und d
082 |a 952 
082 |b R995/Vol.10 
100 |a Ryosuke, Ishi 
245 0 |a Japanese legislation in the meiji era 
245 0 |c Ishi Ryosuke 
260 |a Japan 
260 |c 1958 
650 |a Law 
650 |x History,History and criticism 
904 |i Tuyến 
980 |a Trung tâm Học liệu Trường Đại học Cần Thơ